| 000 | 00418nam a2200133Ia 4500 | ||
|---|---|---|---|
| 008 | 210430s9999 xx 000 0 und d | ||
| 082 | _a660 M113 U | ||
| 100 |
_aWarren L. Mccabe, Julian C. Smith, Peter Harriott _9126968 |
||
| 245 |
_aUnit Operations of Chemical Engineering 5th edition / _cWarren L. Mccabe |
||
| 250 | _a5th edition | ||
| 260 |
_aNew york _bMcGraw- Hill _c1925 |
||
| 300 | _a1130p | ||
| 942 |
_cBK _2ddc |
||
| 999 |
_c565625 _d565625 |
||